|
|
|
|
| LEADER |
00000naa2a2200000 4500 |
| 001 |
683386 |
| 005 |
20251208111529.0 |
| 090 |
|
|
|a 683386
|
| 100 |
|
|
|a 20251125d2025 k||y0rusy50 ba
|
| 101 |
0 |
|
|a rus
|
| 102 |
|
|
|a RU
|
| 135 |
|
|
|a drcn ---uucaa
|
| 200 |
1 |
|
|a Выбор технологии по обеспечению устойчивого положения подземного трубопровода и термостабилизации грунтов оснований в условиях распространения многолетнемерзлого грунта
|f Минченко И.
|g науч. рук. Н. В. Чухарева
|
| 300 |
|
|
|a Заглавие с экрана
|
| 320 |
|
|
|a Литература: 10 назв
|
| 336 |
|
|
|a Текстовый файл
|
| 461 |
|
1 |
|0 682704
|9 682704
|t Проблемы геологии и освоения недр
|l Problems of Geology and Subsurface Development
|o труды XXIX Международного молодежного научного симпозиума имени академика М.А. Усова, посвященного 80-летию Победы в Великой Отечественной войне, 7-11 апреля 2025 г., г. Томск
|f Национальный исследовательский Томский политехнический университет, Инженерная школа природных ресурсов ; гл. ред. А. С. Боев ; отв. ред. Е. Ю. Пасечник
|c Томск
|d 2025
|n Изд-во ТПУ
|
| 463 |
|
1 |
|0 682706
|9 682706
|t Т. 2
|d 2025
|v С. 80-82
|u conference_tpu-2025-C11_V2.pdf
|
| 545 |
1 |
|
|a Транспортировка и хранение нефти и газа
|
| 610 |
1 |
|
|a труды учёных ТПУ
|
| 610 |
1 |
|
|a электронный ресурс
|
| 610 |
1 |
|
|a многолетнемерзлые грунты
|
| 610 |
1 |
|
|a подземные трубопроводы
|
| 610 |
1 |
|
|a термостабилизация грунта
|
| 610 |
1 |
|
|a инженерные расчеты
|
| 610 |
1 |
|
|a программные комплексы
|
| 610 |
1 |
|
|a Frost3D
|
| 700 |
|
1 |
|a Минченко
|b И.
|
| 702 |
|
1 |
|a Чухарева
|b Н. В.
|c специалист в области нефтегазового дела
|c доцент Томского политехнического университета, кандидат химических наук
|f 1967-
|g Наталья Вячеславовна
|4 727
|
| 801 |
|
0 |
|a RU
|b 63413507
|c 20251125
|g RCR
|
| 850 |
|
|
|a 63413507
|
| 856 |
4 |
|
|u http://earchive.tpu.ru/handle/11683/133395
|z http://earchive.tpu.ru/handle/11683/133395
|
| 942 |
|
|
|c CF
|